000 02127cam a22004694a 4500
001 muse77949
003 MdBmJHUP
005 20210127151412.0
006 m o d
007 cr||||||||nn|n
008 851126s1986 nyu o 00 0 eng d
010 _z 85048266
020 _a9781501746703
020 _z0801418909 (alk. paper)
020 _z0801493625 (pbk. : alk. paper)
020 _z9780801418907
035 _a(OCoLC)1122599273
040 _aMdBmJHUP
_cMdBmJHUP
043 _ae-gr---
050 0 4 _aPA3131
_b.S44 1986
082 0 _a882/.01/09
_219
100 1 _aSegal, Charles,
_d1936-
245 1 0 _aInterpreting Greek Tragedy
_bMyth, Poetry, Text /
_cCharles Segal.
264 1 _bCornell University Press,
264 3 _bProject MUSE,
300 _a1 online resource (384 p.)
500 _aEssays published over a period of twenty years.
504 _aIncludes bibliographical references and index.
505 0 _aGreek tragedy and society -- Greek myth as a semiotic and structural system and the problem of tragedy -- Greek tragedy -- Visual symbolism and visual effects in Sophocles -- Sophocles' praise of man and the conflicts of the Antigone -- The tragedy of the Hippolytus -- The two worlds of Euripides' Helen -- Pentheus and Hippolytus on the couch and on the grid -- Euripides' Bacchae -- Boundary violation and the landscape of the self in Senecan tragedy -- Tragedy, corporeality, and the texture of language -- Literature and interpretation.
506 0 _aOpen Access
_fUnrestricted online access
_2star
588 _aDescription based on print version record.
650 0 _aMythology, Greek, in literature.
650 0 _aGreek drama (Tragedy)
_xHistory and criticism.
655 7 _aElectronic books.
_2local
710 2 _aProject Muse.
_edistributor
830 0 _aBook collections on Project MUSE.
856 4 0 _zFull text available:
_uhttps://muse.jhu.edu/book/68519/
999 _c25657
_d25657